[Event "European Women's Championship"]
[Site "Vysoke Tatry"]
[Date "2018.04.08"]
[Round "1"]
[White "Cosman, Andreea-Marioara"]
[Black "Ovod, Evgenija"]
[Result "0-1"]
[Board "45"]
[WhiteElo "2141"]
[WhiteTitle "WFM"]
[WhiteCountry "ROU"]
[WhiteFideId "1217968"]
[WhiteEloChange "-4"]
[BlackElo "2366"]
[BlackTitle "IM"]
[BlackCountry "RUS"]
[BlackFideId "4131827"]
[BlackEloChange "4"]

1. d4 {[%clk 1:30:57]} Nf6 {[%clk 1:30:53]} 2. c4 {[%clk 1:31:07]} e6 {[%clk
1:31:15]} 3. Nc3 {[%clk 1:31:33]} d5 {[%clk 1:31:29]} 4. Bg5 {[%clk 1:29:39]} Be7
{[%clk 1:31:25]} 5. cxd5 {[%clk 1:29:31]} Nxd5 {[%clk 1:29:35]} 6. Bxe7 {[%clk
1:29:01]} Qxe7 {[%clk 1:29:48]} 7. Nxd5 {[%clk 1:26:31]} exd5 {[%clk 1:30:10]} 8.
e3 {[%clk 1:26:54]} O-O {[%clk 1:27:19]} 9. Bd3 {[%clk 1:26:11]} c5 {[%clk
1:15:06]} 10. dxc5 {[%clk 1:24:39]} d4 {[%clk 1:15:19]} 11. e4 {[%clk 1:19:36]}
Nc6 {[%clk 1:07:19]} 12. Ne2 {[%clk 1:13:27]} Qxc5 {[%clk 1:05:41]} 13. O-O
{[%clk 1:06:32]} Be6 {[%clk 1:05:57]} 14. Nf4 {[%clk 0:50:29]} Kh8 {[%clk
1:05:58]} 15. Qd2 {[%clk 0:44:23]} Rad8 {[%clk 0:40:29]} 16. Rfd1 {[%clk
0:32:51]} Rfe8 {[%clk 0:24:57]} 17. Rac1 {[%clk 0:25:57]} Qb6 {[%clk 0:24:23]}
18. Bb1 {[%clk 0:23:57]} Ne5 {[%clk 0:19:09]} 19. b4 {[%clk 0:20:43]} Bg4 {[%clk
0:13:38]} 20. Rf1 {[%clk 0:12:53]} Qh6 {[%clk 0:13:43]} 21. Rc5 {[%clk 0:07:43]}
b6 {[%clk 0:05:14]} 22. Rd5 {[%clk 0:05:00]} Rxd5 {[%clk 0:05:40]} 23. exd5
{[%clk 0:05:23]} d3 {[%clk 0:06:05]} 24. f3 {[%clk 0:01:58]} Bf5 {[%clk 0:06:05]}
25. g4 {[%clk 0:00:43]} Nc4 {[%clk 0:05:55]} 26. Qc3 {[%clk 0:00:35]} Qxf4 {[%clk
0:05:55]} 27. gxf5 {[%clk 0:00:48]} Re2 {[%clk 0:05:56]} 28. Rf2 {[%clk 0:00:49]}
Qe3 {[%clk 0:05:31]} 0-1

[Event "European Women's Championship"]
[Site "Vysoke Tatry"]
[Date "2018.04.08"]
[Round "1"]
[White "Ziaziulkina, Nastassia"]
[Black "Leite Oralova, Catarina"]
[Result "1-0"]
[Board "46"]
[WhiteElo "2363"]
[WhiteTitle "IM"]
[WhiteCountry "BLR"]
[WhiteFideId "13505211"]
[WhiteEloChange "4"]
[BlackElo "2134"]
[BlackTitle "WIM"]
[BlackCountry "POR"]
[BlackFideId "1901222"]
[BlackEloChange "-4"]

1. e4 {[%clk 1:30:54]} c5 {[%clk 1:30:42]} 2. Nf3 {[%clk 1:31:01]} e6 {[%clk
1:31:03]} 3. d4 {[%clk 1:31:15]} cxd4 {[%clk 1:31:25]} 4. Nxd4 {[%clk 1:31:40]}
Nc6 {[%clk 1:31:43]} 5. Nc3 {[%clk 1:31:43]} Qc7 {[%clk 1:31:51]} 6. Be3 {[%clk
1:29:44]} a6 {[%clk 1:28:27]} 7. a3 {[%clk 1:29:27]} Nf6 {[%clk 1:27:22]} 8. f4
{[%clk 1:27:52]} d6 {[%clk 1:26:40]} 9. Qf3 {[%clk 1:27:32]} Be7 {[%clk 1:02:22]}
10. O-O-O {[%clk 1:21:04]} Nxd4 {[%clk 0:53:25]} 11. Bxd4 {[%clk 1:18:57]} O-O
{[%clk 0:44:34]} 12. e5 {[%clk 0:57:55]} Nd7 {[%clk 0:41:11]} 13. Bd3 {[%clk
0:51:11]} dxe5 {[%clk 0:20:32]} 14. fxe5 {[%clk 0:51:00]} Nxe5 {[%clk 0:12:12]}
15. Bxh7+ {[%clk 0:49:31]} Kxh7 {[%clk 0:12:41]} 16. Qh5+ {[%clk 0:49:51]} Kg8
{[%clk 0:13:09]} 17. Bxe5 {[%clk 0:47:10]} Qc6 {[%clk 0:12:16]} 18. Bxg7 {[%clk
0:34:09]} Kxg7 {[%clk 0:12:43]} 19. Rd3 {[%clk 0:32:41]} f5 {[%clk 0:04:38]} 20.
Rg3+ {[%clk 0:32:24]} Kf6 {[%clk 0:05:05]} 21. Qg5+ {[%clk 0:29:50]} Ke5 {[%clk
0:03:42]} 22. Qxe7 {[%clk 0:29:40]} Re8 {[%clk 0:03:23]} 23. Re1+ {[%clk
0:29:36]} Kd4 {[%clk 0:03:20]} 24. Rd3+ {[%clk 0:29:49]} 1-0

[Event "European Women's Championship"]
[Site "Vysoke Tatry"]
[Date "2018.04.08"]
[Round "1"]
[White "Kusenkova, Natallia"]
[Black "Osmak, Iulija"]
[Result "0-1"]
[Board "47"]
[WhiteElo "2134"]
[WhiteCountry "BLR"]
[WhiteFideId "13506501"]
[WhiteEloChange "-4"]
[BlackElo "2361"]
[BlackTitle "IM"]
[BlackCountry "UKR"]
[BlackFideId "14101602"]
[BlackEloChange "4"]

1. Nf3 {[%clk 1:30:57]} f5 {[%clk 1:30:55]} 2. d3 {[%clk 1:31:18]} Nc6 {[%clk
1:31:20]} 3. d4 {[%clk 1:31:16]} d6 {[%clk 1:31:35]} 4. d5 {[%clk 1:28:45]} Ne5
{[%clk 1:31:52]} 5. Nd4 {[%clk 1:26:57]} c5 {[%clk 1:25:57]} 6. dxc6 {[%clk
1:25:35]} Nxc6 {[%clk 1:25:15]} 7. g3 {[%clk 1:21:08]} e5 {[%clk 1:24:12]} 8. Nb3
{[%clk 1:21:03]} Be6 {[%clk 1:22:50]} 9. Bg2 {[%clk 1:20:34]} d5 {[%clk 1:20:41]}
10. O-O {[%clk 1:17:31]} Be7 {[%clk 1:19:44]} 11. c3 {[%clk 1:02:50]} Nf6 {[%clk
1:18:47]} 12. Be3 {[%clk 1:01:04]} O-O {[%clk 1:07:02]} 13. Kh1 {[%clk 0:56:30]}
Ng4 {[%clk 1:01:08]} 14. Bc5 {[%clk 0:47:13]} f4 {[%clk 0:59:47]} 15. h3 {[%clk
0:35:50]} fxg3 {[%clk 0:58:12]} 16. fxg3 {[%clk 0:35:43]} Rxf1+ {[%clk 0:54:01]}
17. Qxf1 {[%clk 0:34:09]} Nh6 {[%clk 0:50:15]} 18. N1d2 {[%clk 0:31:28]} Nf5
{[%clk 0:50:13]} 19. Kh2 {[%clk 0:25:14]} e4 {[%clk 0:46:22]} 20. Qf2 {[%clk
0:19:10]} Bg5 {[%clk 0:36:37]} 21. Nf1 {[%clk 0:18:22]} Qc7 {[%clk 0:35:59]} 22.
Nd4 {[%clk 0:13:56]} Ncxd4 {[%clk 0:36:03]} 23. cxd4 {[%clk 0:12:58]} b6 {[%clk
0:35:57]} 24. Ba3 {[%clk 0:12:22]} Rc8 {[%clk 0:29:21]} 25. e3 {[%clk 0:11:13]}
h5 {[%clk 0:23:53]} 26. Kg1 {[%clk 0:11:17]} Qc2 {[%clk 0:23:44]} 27. Re1 {[%clk
0:11:02]} Qd3 {[%clk 0:20:05]} 28. Re2 {[%clk 0:09:33]} h4 {[%clk 0:17:15]} 29.
g4 {[%clk 0:08:13]} Ng3 {[%clk 0:17:32]} 30. Rd2 {[%clk 0:08:06]} Qb1 {[%clk
0:17:36]} 31. b3 {[%clk 0:04:37]} Rc3 {[%clk 0:15:29]} 32. Rb2 {[%clk 0:02:38]}
Qa1 {[%clk 0:07:27]} 33. Kh2 {[%clk 0:02:50]} Nxf1+ {[%clk 0:07:19]} 34. Bxf1
{[%clk 0:03:10]} Rxe3 {[%clk 0:06:36]} 35. Bg2 {[%clk 0:02:14]} Kh7 {[%clk
0:04:31]} 36. Bd6 {[%clk 0:01:39]} Qe1 {[%clk 0:04:29]} 37. Qf8 {[%clk 0:01:26]}
Rc3 {[%clk 0:00:42]} 38. Be5 {[%clk 0:01:31]} Bf6 {[%clk 0:00:55]} 39. Bf4 {[%clk
0:00:47]} Bxd4 {[%clk 0:01:12]} 0-1

[Event "European Women's Championship"]
[Site "Vysoke Tatry"]
[Date "2018.04.08"]
[Round "1"]
[White "Fataliyeva, Ulviyya"]
[Black "Hereklioglu, Sude"]
[Result "1-0"]
[Board "48"]
[WhiteElo "2361"]
[WhiteTitle "WGM"]
[WhiteCountry "AZE"]
[WhiteFideId "13403052"]
[WhiteEloChange "4"]
[BlackElo "2123"]
[BlackTitle "WFM"]
[BlackCountry "TUR"]
[BlackFideId "6359531"]
[BlackEloChange "-4"]

1. e4 {[%clk 1:30:58]} c5 {[%clk 1:30:46]} 2. Nf3 {[%clk 1:31:26]} e6 {[%clk
1:31:10]} 3. d4 {[%clk 1:31:54]} cxd4 {[%clk 1:31:32]} 4. Nxd4 {[%clk 1:32:22]}
Nf6 {[%clk 1:31:54]} 5. Nc3 {[%clk 1:32:50]} Nc6 {[%clk 1:31:58]} 6. Nxc6 {[%clk
1:33:18]} bxc6 {[%clk 1:32:22]} 7. e5 {[%clk 1:33:45]} Nd5 {[%clk 1:32:45]} 8.
Ne4 {[%clk 1:34:13]} Qc7 {[%clk 1:32:59]} 9. f4 {[%clk 1:34:40]} Qb6 {[%clk
1:33:24]} 10. c4 {[%clk 1:34:56]} Bb4+ {[%clk 1:32:18]} 11. Ke2 {[%clk 1:35:17]}
f5 {[%clk 1:31:02]} 12. Nf2 {[%clk 1:32:20]} Ba6 {[%clk 1:12:29]} 13. Kf3 {[%clk
1:32:38]} Ne7 {[%clk 1:12:09]} 14. Be3 {[%clk 1:32:37]} Bc5 {[%clk 1:11:41]} 15.
Bxc5 {[%clk 1:30:54]} Qxc5 {[%clk 1:12:04]} 16. Qd6 {[%clk 1:30:40]} Qxd6 {[%clk
1:08:16]} 17. exd6 {[%clk 1:31:08]} Ng8 {[%clk 1:08:15]} 18. Rc1 {[%clk 1:30:09]}
Nf6 {[%clk 1:01:41]} 19. c5 {[%clk 1:08:54]} Bxf1 {[%clk 0:58:33]} 20. Rhxf1
{[%clk 1:09:19]} Rb8 {[%clk 0:58:43]} 21. Nd3 {[%clk 1:04:09]} Ne4 {[%clk
0:51:02]} 22. Ke3 {[%clk 1:03:51]} a5 {[%clk 0:45:32]} 23. Rc4 {[%clk 0:58:02]}
Rb5 {[%clk 0:40:30]} 24. Rfc1 {[%clk 0:55:56]} Rg8 {[%clk 0:38:28]} 25. b4 {[%clk
0:48:26]} axb4 {[%clk 0:33:17]} 26. Rxb4 {[%clk 0:48:28]} Rxb4 {[%clk 0:33:25]}
27. Nxb4 {[%clk 0:48:54]} Kf7 {[%clk 0:33:40]} 28. Nd3 {[%clk 0:46:20]} Ra8
{[%clk 0:33:41]} 29. Rb1 {[%clk 0:44:33]} Ke8 {[%clk 0:26:35]} 30. a4 {[%clk
0:30:27]} Kd8 {[%clk 0:16:39]} 31. a5 {[%clk 0:30:21]} Kc8 {[%clk 0:15:42]} 32.
Ra1 {[%clk 0:30:35]} Kb7 {[%clk 0:13:50]} 33. Kd4 {[%clk 0:30:43]} Nd2 {[%clk
0:12:49]} 34. Ra2 {[%clk 0:30:17]} Ne4 {[%clk 0:11:30]} 35. g4 {[%clk 0:25:26]}
g6 {[%clk 0:08:42]} 36. Ne5 {[%clk 0:24:30]} Kc8 {[%clk 0:08:00]} 37. g5 {[%clk
0:20:30]} Ra6 {[%clk 0:07:05]} 38. Nc4 {[%clk 0:19:57]} Ra7 {[%clk 0:03:57]} 39.
a6 {[%clk 0:17:01]} Kd8 {[%clk 0:03:09]} 40. Rb2 {[%clk 0:47:01]} Ke8 {[%clk
0:33:00]} 41. Ne5 {[%clk 0:45:58]} Kf8 {[%clk 0:33:13]} 42. Nxd7+ {[%clk
0:40:47]} Rxd7 {[%clk 0:30:18]} 43. Rb8+ {[%clk 0:41:05]} Kf7 {[%clk 0:30:31]}
44. Rb7 {[%clk 0:41:29]} 1-0

[Event "European Women's Championship"]
[Site "Vysoke Tatry"]
[Date "2018.04.08"]
[Round "1"]
[White "Okuyaz, Duru"]
[Black "Mammadova, Gulnar"]
[Result "0-1"]
[Board "49"]
[WhiteElo "2122"]
[WhiteTitle "WFM"]
[WhiteCountry "TUR"]
[WhiteFideId "6346022"]
[WhiteEloChange "-4"]
[BlackElo "2360"]
[BlackTitle "IM"]
[BlackCountry "AZE"]
[BlackFideId "13403508"]
[BlackEloChange "4"]

1. e4 {[%clk 1:30:54]} e6 {[%clk 1:30:47]} 2. d4 {[%clk 1:31:17]} d5 {[%clk
1:31:06]} 3. Nc3 {[%clk 1:31:37]} Bb4 {[%clk 1:30:55]} 4. e5 {[%clk 1:31:55]} c5
{[%clk 1:31:09]} 5. a3 {[%clk 1:32:15]} Bxc3+ {[%clk 1:31:23]} 6. bxc3 {[%clk
1:32:35]} Qa5 {[%clk 1:31:33]} 7. Bd2 {[%clk 1:32:39]} Qa4 {[%clk 1:31:55]} 8.
Qg4 {[%clk 1:29:35]} Kf8 {[%clk 1:32:08]} 9. Qd1 {[%clk 1:29:57]} b6 {[%clk
1:30:55]} 10. h4 {[%clk 1:27:04]} Ba6 {[%clk 1:25:15]} 11. Rh3 {[%clk 1:22:07]}
Ne7 {[%clk 1:22:50]} 12. Bxa6 {[%clk 1:17:47]} Nxa6 {[%clk 1:21:30]} 13. Bg5
{[%clk 0:56:09]} Rc8 {[%clk 1:12:20]} 14. Rc1 {[%clk 0:50:40]} h6 {[%clk
1:07:22]} 15. Bf4 {[%clk 0:44:06]} Nc7 {[%clk 1:01:23]} 16. Ne2 {[%clk 0:26:36]}
Nb5 {[%clk 0:58:09]} 17. Kf1 {[%clk 0:24:50]} cxd4 {[%clk 0:45:14]} 18. cxd4
{[%clk 0:24:06]} Nf5 {[%clk 0:44:22]} 19. Bd2 {[%clk 0:13:49]} a5 {[%clk
0:42:17]} 20. Rb3 {[%clk 0:09:47]} Nfxd4 {[%clk 0:32:30]} 21. Nxd4 {[%clk
0:08:14]} Nxd4 {[%clk 0:32:50]} 22. Bb4+ {[%clk 0:03:48]} axb4 {[%clk 0:33:14]}
23. Qxd4 {[%clk 0:04:14]} Qb5+ {[%clk 0:27:25]} 24. Kg1 {[%clk 0:03:56]} Rc4
{[%clk 0:27:44]} 25. Qd3 {[%clk 0:04:10]} Ke7 {[%clk 0:25:25]} 26. Rxb4 {[%clk
0:01:43]} Rxb4 {[%clk 0:22:35]} 27. axb4 {[%clk 0:02:07]} Qxb4 {[%clk 0:16:39]}
28. Ra1 {[%clk 0:02:17]} Rd8 {[%clk 0:16:53]} 29. c3 {[%clk 0:01:15]} Qc4 {[%clk
0:16:01]} 30. Qg3 {[%clk 0:00:47]} Kf8 {[%clk 0:13:54]} 31. Ra7 {[%clk 0:00:52]}
Qe4 {[%clk 0:13:13]} 32. Rb7 {[%clk 0:01:02]} d4 {[%clk 0:12:42]} 33. Rxb6 {[%clk
0:01:04]} d3 {[%clk 0:13:00]} 34. Rb4 {[%clk 0:00:47]} Qe1+ {[%clk 0:11:59]} 35.
Kh2 {[%clk 0:01:13]} d2 {[%clk 0:12:23]} 36. Qf4 {[%clk 0:01:17]} d1Q {[%clk
0:12:22]} 37. Rb7 {[%clk 0:01:40]} Qh1+ {[%clk 0:12:09]} 38. Kg3 {[%clk 0:02:06]}
Rd3+ {[%clk 0:12:26]} 0-1

[Event "European Women's Championship"]
[Site "Vysoke Tatry"]
[Date "2018.04.08"]
[Round "1"]
[White "Savina, Anastasia"]
[Black "Froewis, Annika"]
[Result "1/2-1/2"]
[Board "50"]
[WhiteElo "2358"]
[WhiteTitle "IM"]
[WhiteCountry "RUS"]
[WhiteFideId "4196872"]
[WhiteEloChange "-6"]
[BlackElo "2113"]
[BlackTitle "WFM"]
[BlackCountry "AUT"]
[BlackFideId "1621432"]
[BlackEloChange "6"]

1. d4 {[%clk 1:30:56]} d5 {[%clk 1:30:55]} 2. c4 {[%clk 1:31:22]} e6 {[%clk
1:31:20]} 3. Nc3 {[%clk 1:31:39]} c6 {[%clk 1:31:19]} 4. e3 {[%clk 1:30:30]} Nf6
{[%clk 1:31:16]} 5. Nf3 {[%clk 1:30:53]} Nbd7 {[%clk 1:31:22]} 6. Qc2 {[%clk
1:30:44]} Bd6 {[%clk 1:30:25]} 7. Bd3 {[%clk 1:30:53]} O-O {[%clk 1:29:43]} 8.
O-O {[%clk 1:31:18]} dxc4 {[%clk 1:29:46]} 9. Bxc4 {[%clk 1:31:44]} b5 {[%clk
1:30:02]} 10. Bd3 {[%clk 1:31:54]} Bb7 {[%clk 1:29:55]} 11. Rd1 {[%clk 1:31:44]}
Qc7 {[%clk 1:18:48]} 12. Bd2 {[%clk 1:31:19]} a6 {[%clk 1:11:15]} 13. b4 {[%clk
1:30:04]} Rac8 {[%clk 1:02:58]} 14. h3 {[%clk 1:08:24]} h6 {[%clk 0:54:08]} 15.
Rac1 {[%clk 0:57:47]} Qb8 {[%clk 0:42:39]} 16. Ne4 {[%clk 0:35:57]} Nxe4 {[%clk
0:36:48]} 17. Bxe4 {[%clk 0:36:03]} f5 {[%clk 0:26:04]} 18. Bd3 {[%clk 0:35:55]}
Kh8 {[%clk 0:21:55]} 19. Re1 {[%clk 0:19:06]} Nf6 {[%clk 0:14:08]} 20. Nh4 {[%clk
0:18:17]} Rf7 {[%clk 0:12:22]} 21. Qb3 {[%clk 0:12:11]} Nd5 {[%clk 0:11:41]} 22.
f4 {[%clk 0:07:52]} Re8 {[%clk 0:06:18]} 23. Ng6+ {[%clk 0:07:08]} Kh7 {[%clk
0:05:59]} 24. Ne5 {[%clk 0:07:14]} Rc7 {[%clk 0:04:39]} 25. e4 {[%clk 0:04:34]}
Bxe5 {[%clk 0:02:48]} 26. fxe5 {[%clk 0:04:38]} fxe4 {[%clk 0:02:42]} 27. Bxe4+
{[%clk 0:04:50]} Kh8 {[%clk 0:02:21]} 28. Qg3 {[%clk 0:04:00]} Ne7 {[%clk
0:00:56]} 29. Qg4 {[%clk 0:02:12]} Qd8 {[%clk 0:00:49]} 30. Be3 {[%clk 0:01:13]}
Qd7 {[%clk 0:00:53]} 31. Rf1 {[%clk 0:01:09]} Nf5 {[%clk 0:01:01]} 32. Rxf5
{[%clk 0:00:52]} exf5 {[%clk 0:01:14]} 33. Bxf5 {[%clk 0:01:20]} Qf7 {[%clk
0:00:34]} 34. Bg6 {[%clk 0:00:33]} Qe6 {[%clk 0:00:55]} 35. Bxe8 {[%clk 0:00:37]}
Qxe8 {[%clk 0:01:24]} 36. Rf1 {[%clk 0:00:36]} Bc8 {[%clk 0:01:22]} 37. Qh4
{[%clk 0:00:47]} Be6 {[%clk 0:01:21]} 38. a3 {[%clk 0:00:34]} Rf7 {[%clk
0:01:10]} 39. Rxf7 {[%clk 0:00:32]} Qxf7 {[%clk 0:01:38]} 40. Bg5 {[%clk
0:30:34]} Qg6 {[%clk 0:30:57]} 41. Be7 {[%clk 0:19:56]} Bd5 {[%clk 0:28:12]} 42.
Qf2 {[%clk 0:18:56]} Qf7 {[%clk 0:20:51]} 43. Qxf7 {[%clk 0:14:25]} Bxf7 {[%clk
0:21:19]} 44. Kf2 {[%clk 0:14:50]} Bd5 {[%clk 0:21:04]} 45. g4 {[%clk 0:14:31]}
Kg8 {[%clk 0:19:49]} 46. h4 {[%clk 0:12:32]} Kf7 {[%clk 0:20:01]} 47. Bc5 {[%clk
0:12:39]} g6 {[%clk 0:13:57]} 48. Kg3 {[%clk 0:11:01]} g5 {[%clk 0:11:49]} 49.
Bd6 {[%clk 0:09:30]} Bb3 {[%clk 0:11:34]} 50. Bc7 {[%clk 0:09:15]} Ke7 {[%clk
0:10:47]} 51. Bb6 {[%clk 0:08:19]} Bd5 {[%clk 0:10:34]} 52. Kh3 {[%clk 0:06:54]}
Ke8 {[%clk 0:10:48]} 53. Kg3 {[%clk 0:06:12]} Ke7 {[%clk 0:11:10]} 54. hxg5
{[%clk 0:06:19]} hxg5 {[%clk 0:11:37]} 55. Kf2 {[%clk 0:06:43]} Be6 {[%clk
0:10:33]} 56. Kf3 {[%clk 0:06:50]} Bd5+ {[%clk 0:10:00]} 57. Ke3 {[%clk 0:07:19]}
Kf7 {[%clk 0:09:07]} 58. Bd8 {[%clk 0:07:16]} Kg6 {[%clk 0:09:31]} 59. Be7 {[%clk
0:07:24]} Be6 {[%clk 0:09:28]} 60. d5 {[%clk 0:05:59]} Bxd5 {[%clk 0:09:31]} 61.
Kd4 {[%clk 0:05:52]} Bf3 {[%clk 0:05:26]} 62. e6 {[%clk 0:05:26]} Bxg4 {[%clk
0:05:34]} 63. Ke5 {[%clk 0:05:54]} Bf3 {[%clk 0:05:17]} 64. Kd6 {[%clk 0:05:38]}
Bd5 {[%clk 0:04:31]} 65. Bd8 {[%clk 0:04:42]} Kf5 {[%clk 0:01:44]} 66. e7 {[%clk
0:05:04]} Bf7 {[%clk 0:02:06]} 67. Kd7 {[%clk 0:05:04]} g4 {[%clk 0:00:50]} 68.
Bb6 {[%clk 0:00:41]} g3 {[%clk 0:00:37]} 69. e8Q {[%clk 0:00:43]} Bxe8+ {[%clk
0:00:37]} 70. Kxe8 {[%clk 0:01:09]} Ke6 {[%clk 0:00:47]} 71. Kd8 {[%clk 0:00:37]}
Kd5 {[%clk 0:00:35]} 72. Kc7 {[%clk 0:01:03]} g2 {[%clk 0:00:44]} 73. Bc5 {[%clk
0:00:35]} a5 {[%clk 0:01:02]} 74. Kb6 {[%clk 0:00:36]} axb4 {[%clk 0:00:51]} 75.
axb4 {[%clk 0:01:02]} Kc4 {[%clk 0:01:14]} 76. Ka5 {[%clk 0:00:46]} Kc3 {[%clk
0:00:52]} 77. Bf2 {[%clk 0:00:41]} Kc4 {[%clk 0:00:53]} 78. Bg1 {[%clk 0:01:01]}
1/2-1/2

[Event "European Women's Championship"]
[Site "Vysoke Tatry"]
[Date "2018.04.08"]
[Round "1"]
[White "Sucikova, Svetlana"]
[Black "Buksa, Nataliya"]
[Result "0-1"]
[Board "51"]
[WhiteElo "2107"]
[WhiteTitle "WFM"]
[WhiteCountry "SVK"]
[WhiteFideId "14923653"]
[WhiteEloChange "-4"]
[BlackElo "2357"]
[BlackTitle "WGM"]
[BlackCountry "UKR"]
[BlackFideId "14123622"]
[BlackEloChange "4"]

1. c4 {[%clk 1:30:28]} e6 {[%clk 1:30:56]} 2. Nc3 {[%clk 1:30:29]} d5 {[%clk
1:31:21]} 3. e3 {[%clk 1:30:06]} Nf6 {[%clk 1:31:33]} 4. Nf3 {[%clk 1:30:00]} c5
{[%clk 1:31:55]} 5. b3 {[%clk 1:27:24]} Nc6 {[%clk 1:32:20]} 6. Bb2 {[%clk
1:25:53]} d4 {[%clk 1:31:16]} 7. Nb5 {[%clk 1:17:56]} e5 {[%clk 1:22:52]} 8. d3
{[%clk 1:17:41]} Be7 {[%clk 1:21:30]} 9. e4 {[%clk 1:13:54]} O-O {[%clk 1:18:17]}
10. g3 {[%clk 1:06:39]} Qa5+ {[%clk 1:09:36]} 11. Qd2 {[%clk 1:03:45]} Nb4 {[%clk
1:08:07]} 12. Ke2 {[%clk 1:03:09]} Bg4 {[%clk 0:59:43]} 13. Bg2 {[%clk 0:55:15]}
a6 {[%clk 0:49:05]} 14. Na3 {[%clk 0:52:16]} Nxe4 {[%clk 0:41:35]} 15. dxe4
{[%clk 0:15:51]} f5 {[%clk 0:42:02]} 16. exf5 {[%clk 0:16:14]} Rxf5 {[%clk
0:39:35]} 17. h3 {[%clk 0:15:17]} Bxf3+ {[%clk 0:35:54]} 18. Bxf3 {[%clk
0:15:24]} d3+ {[%clk 0:36:21]} 19. Kf1 {[%clk 0:13:56]} Rxf3 {[%clk 0:36:45]} 20.
Kg2 {[%clk 0:14:21]} Raf8 {[%clk 0:36:41]} 21. Rhf1 {[%clk 0:13:49]} Qc7 {[%clk
0:34:56]} 22. Rae1 {[%clk 0:13:51]} Qc6 {[%clk 0:34:58]} 23. Kg1 {[%clk 0:12:57]}
e4 {[%clk 0:35:18]} 24. Bc3 {[%clk 0:10:15]} Qg6 {[%clk 0:29:38]} 25. Kg2 {[%clk
0:08:22]} Bd6 {[%clk 0:28:47]} 0-1

[Event "European Women's Championship"]
[Site "Vysoke Tatry"]
[Date "2018.04.08"]
[Round "1"]
[White "Mamedjarova, Zeinab"]
[Black "Zpevakova, Jana"]
[Result "1-0"]
[Board "52"]
[WhiteElo "2355"]
[WhiteTitle "WGM"]
[WhiteCountry "AZE"]
[WhiteFideId "13401521"]
[WhiteEloChange "4"]
[BlackElo "2106"]
[BlackCountry "CZE"]
[BlackFideId "334030"]
[BlackEloChange "-4"]

1. d4 {[%clk 1:30:56]} d5 {[%clk 1:30:50]} 2. Nf3 {[%clk 1:31:09]} Nf6 {[%clk
1:31:04]} 3. c4 {[%clk 1:30:38]} e6 {[%clk 1:31:10]} 4. Nc3 {[%clk 1:30:37]} dxc4
{[%clk 1:30:46]} 5. e3 {[%clk 1:30:59]} a6 {[%clk 1:29:38]} 6. Bxc4 {[%clk
1:30:25]} b5 {[%clk 1:27:44]} 7. Bb3 {[%clk 1:27:21]} Bb7 {[%clk 1:24:47]} 8. O-O
{[%clk 1:27:42]} c5 {[%clk 1:23:28]} 9. Qe2 {[%clk 1:27:19]} Qc7 {[%clk 1:15:21]}
10. Rd1 {[%clk 1:21:14]} Be7 {[%clk 1:12:08]} 11. h3 {[%clk 1:17:54]} O-O {[%clk
1:09:35]} 12. dxc5 {[%clk 1:10:29]} Bxc5 {[%clk 1:04:35]} 13. e4 {[%clk 1:09:10]}
Nbd7 {[%clk 0:59:25]} 14. e5 {[%clk 0:49:10]} Bxf3 {[%clk 0:54:46]} 15. Qxf3
{[%clk 0:49:33]} Nxe5 {[%clk 0:54:31]} 16. Qg3 {[%clk 0:45:58]} Nh5 {[%clk
0:51:38]} 17. Qh4 {[%clk 0:44:14]} g6 {[%clk 0:50:28]} 18. Bg5 {[%clk 0:43:02]}
Rae8 {[%clk 0:43:58]} 19. Rac1 {[%clk 0:37:47]} f6 {[%clk 0:32:49]} 20. Bh6
{[%clk 0:33:58]} Qf7 {[%clk 0:18:00]} 21. Bxf8 {[%clk 0:30:24]} g5 {[%clk
0:16:47]} 22. Qe4 {[%clk 0:28:45]} Qxf8 {[%clk 0:16:16]} 23. Ne2 {[%clk 0:25:54]}
Ng7 {[%clk 0:13:37]} 24. Ng3 {[%clk 0:19:40]} Kh8 {[%clk 0:12:16]} 25. h4 {[%clk
0:18:25]} gxh4 {[%clk 0:11:27]} 26. Qxh4 {[%clk 0:18:36]} f5 {[%clk 0:11:41]} 27.
Nh1 {[%clk 0:08:36]} Ng4 {[%clk 0:10:47]} 28. Rd7 {[%clk 0:07:27]} Be7 {[%clk
0:07:01]} 29. Qg3 {[%clk 0:07:15]} h5 {[%clk 0:06:26]} 30. Qc3 {[%clk 0:05:02]}
Bf6 {[%clk 0:05:18]} 31. Qd2 {[%clk 0:05:07]} h4 {[%clk 0:03:38]} 32. Rcc7 {[%clk
0:03:38]} Be5 {[%clk 0:01:44]} 33. Ra7 {[%clk 0:04:06]} Qc5 {[%clk 0:01:16]} 34.
Bd1 {[%clk 0:03:27]} h3 {[%clk 0:00:35]} 35. Bxg4 {[%clk 0:02:58]} h2+ {[%clk
0:00:49]} 36. Kf1 {[%clk 0:03:24]} f4 {[%clk 0:00:43]} 37. Be2 {[%clk 0:03:08]}
Nf5 {[%clk 0:00:53]} 38. Rd8 {[%clk 0:02:48]} Qxa7 {[%clk 0:01:04]} 39. Rxe8+
{[%clk 0:03:12]} Kg7 {[%clk 0:01:14]} 40. Qd8 {[%clk 0:31:09]} Qc5 {[%clk
0:30:38]} 41. Qg5+ {[%clk 0:30:58]} Kh7 {[%clk 0:30:36]} 42. Qg8+ {[%clk
0:30:15]} Kh6 {[%clk 0:30:57]} 43. Rxe6+ {[%clk 0:30:40]} 1-0